00666 a2200193 4500003000400000005001700004008004100021020001800062040000900080082001900089100002200108245006800130250001200198260005400210300001300264942004400277952013400321999001700455OSt20260309130729.0260309b |||||||| |||| 00| 0 eng d a9788196325794 coclc a892.709bJAL/A aJaleel, T K98575 aAl Qiyamul Adabiyya /cJaleel T K, Prof. (Dr.) Abdul Raheem M K a1ST ED. aMALAPPURAM:bVICTORY BOOKS AND PUBLIDHERS.c2025, a50 PAGES 2ddccBKh892.709iJAL/Ak892.709mJAL/A 00102ddc40708TEXT BOOKaMESbMEScARBd2026-03-09g80.00l0o892.709 JAL/Ap46165r2026-03-09 11:04:27v80.00w2026-03-09yBK c44692d44692